| 000 | 01758cam a2200301 a 4500 | ||
|---|---|---|---|
| 999 |
_c1861 _d1861 |
||
| 001 | 1861 | ||
| 003 | BD-JhCC | ||
| 005 | 20200412134008.0 | ||
| 008 | 091020s2010 cau 000 0 eng | ||
| 020 | _a9781878424686 (acidfree paper) | ||
| 035 | _a(BD-JhCC)1861 | ||
| 040 |
_aDLC _cDLC _dDLC |
||
| 041 | _aeng | ||
| 050 | 0 | 0 |
_aBJ1595 _b.R73 2010 |
| 082 | 0 | 0 |
_a299.7/92 _222 _bRUI 1952 |
| 100 | 1 |
_aRuiz, Miguel, _d1952- |
|
| 245 | 1 | 4 |
_aThe fifth agreement : _ba practical guide to self-mastery / _cMiguel Ruiz and Jose Ruiz ; with Janet Mills. |
| 260 |
_aSan Rafael, Calif. : _bAmber-Allen Pub. : _bDistributed by Hay House, _c2010. |
||
| 300 |
_axvi, 232 p. ; _c19 cm. |
||
| 500 | _a"A Toltec Wisdom book." | ||
| 505 | 0 | _aIntroduction -- In the beginning : it's all in the program -- Symbols and agreements : the art of humans -- The story of you : the first agreement : be impeccable with your word -- Every mind is a world : the second agreement : don't take anything personally -- Truth or fiction : the third agreement : don't make assumptions -- The power of belief : the symbol of Santa Claus -- Practice makes the master : the fourth agreement : always do your best -- The power of doubt : the fifth agreement : be skeptical, but learn to listen -- The dream of the first attention : the victims -- The dream of the second attention : the warriors -- The dream of the third attention : the masters -- Becoming a seer : a new point of view -- The three languages : what kind of messenger are you? -- Epilogue: Help me to change the world. | |
| 650 | 0 | _aConduct of life. | |
| 650 | 0 | _aBelief and doubt. | |
| 650 | 0 |
_aToltec philosophy _xMiscellanea. |
|
| 700 | 1 |
_aRuiz, Jose Luis, _d1978- |
|
| 700 | 1 |
_aMills, Janet, _d1953- |
|
| 942 |
_2ddc _cBK _07 |
||